00370nam a2200169Ia 4500008004000000041000800040082001200048100001600060245003500076260003400111650000800145650001200153650000700165650000600172650001100178650001100189210210b1962 xxu||||| |||| 00| 0 eng d aeng a580/244 aSCOTT (D H) aStudies in fossil botany Vol I aNew YorkbNot Mentionedc1962 aVol aStudies ain aI afossil abotany